000 00351nam a22001337a 4500
999 _c27659
_d27659
008 250219b ||||| |||| 00| 0 eng d
082 0 0 _a842.912
_bS2514
100 _95773
_aSartre, Jean-Paul
245 1 0 _aThe Reprieve
_cJean-Paul Sartre
260 _aLondon :
_bHamish hamilton
_c1965.
300 _a398 p.
650 0 _aFrench literature
942 _cBK